| 000 | 00707nam a2200217Ia 4500 | ||
|---|---|---|---|
| 005 | 20220713153847.0 | ||
| 008 | 210716s2015 xx 000 0 und d | ||
| 020 | _a9788126553372 | ||
| 040 | _cAIMIT LIBRARY | ||
| 041 | _aeng | ||
| 082 |
_a005.768 BELJ _21 _bBELJ |
||
| 100 |
_aBell, Jason. _948797 |
||
| 245 |
_aMachine learning for big data : _bhands on for developers and technical professionals / _cBy Jason Bell. |
||
| 250 | _a1st ed. | ||
| 260 |
_aNew Delhi : _bWiley India Pvt Ltd , _c2015. |
||
| 300 |
_axxiv, 380p. ; _c23 cm. |
||
| 650 |
_aWhat is machine learning _948798 |
||
| 650 |
_aSupport vector machines _948799 |
||
| 650 |
_aApache spark _948800 |
||
| 942 |
_2ddc _cBK _e1st _k005.768 BELJ |
||
| 999 |
_c194512 _d194512 |
||